Les 10 Plaies d'Égypte - Mort Subite - Statistiques

Statistiques générales
  • Ce quiz a été pris 39 fois
  • Le résultat moyen est 4 sur 10
Answers on the Grid
Answers color-coded by a green-red scale on the quiz's grid according to % correct below.
Eaux changées en sang
Grenouilles
Poux
Mouches venimeuses
Mort des troupeaux
Ulcères
Grêles
Sauterelles
Ténèbres
Mort des premiers-nés
Élection d'Emmanuel Macron
Misère
Escargots
Crocodiles
Sécheresse
Inondations
URSSAF
Invasions
Discorde
Création d'Infogrames
Chute de l'astre lunaire
Naissance de Justin Bieber
Forgeage de l'anneau unique
Tempêtes et foudres
Chute du cours de la bourse
Mort des anciens
Ours polaires
Effondrement des lieux de culte
Poussière
Gel
 
Statistiques - réponses
Réponse % Correct
Mort des premiers-nés
62%
Sauterelles
59%
Eaux changées en sang
55%
Grenouilles
48%
Grêles
38%
Mort des troupeaux
34%
Ténèbres
28%
Mouches venimeuses
24%
Poux
17%
Ulcères
14%
Aucun quiz correspondant
Distribution des résultats
% des personnes avec chaque résultat
Percentile par nombre de réponses
Votre historique - résultats
Vous n’avez pas pris ce quiz